00777nam a2200205Ia 4500003000900000008004100009020001800050040001600068080002100084100002200105245016000127260003800287300001700325650001900342700003100361700002900392942000700421999001700428952012600445IN-BaIIA211028s9999 xx 000 0 eng d a0-471-50537-4 cIIA Library a621-314.222bMOH aMohan, Ned917431 0aPower electronicsbconverters, applications and designcNed Mohan, Tore M. Undeland and William P. Robbins  aNew YorkbJohn Wiley & Sonsc1989 axviii, 667p. aNASA thesaurus aRobbins, William P.917432 aUndeland, Tore M.917433 cBK c10252d10252 00104070aBANbBANcGENd1991-12-20g394.70l0o621-314.222/ MOHp11162r2021-11-05v394.70w1991-12-20yBKGRs. 394.70